| 000 | 00684nam a22001697a 4500 | ||
|---|---|---|---|
| 999 |
_c9721 _d9721 |
||
| 008 | 180714b ||||| |||| 00| 0 eng d | ||
| 082 |
_22018 _aUT 0902 _bN44 |
||
| 100 |
_928887 _aNeri, Jayson John Rogelio. |
||
| 245 |
_aMarketing mix and customer satisfaction of chinaware products in digos city/ _cJayson John Rogelio Neri, Lara Kris A. Rulite and Jhevon B. Faigao. |
||
| 260 |
_aDigos City: _bUMDC _cApril 2018. |
||
| 300 |
_a79 pages; _b29 cm. |
||
| 650 | 0 |
_928889 _aBusiness Adfministration _vMarketing Management _xUndergradaute theses |
|
| 700 |
_928890 _aNeri, Jayson John Rogelio |
||
| 700 |
_928891 _aRulite, Lara Kris A. |
||
| 700 |
_928892 _aFaigao, Jhevon B. |
||
| 942 |
_2ddc _cUT |
||